Soft computing: (Record no. 6422)
[ view plain ]
| 000 -LEADER | |
|---|---|
| fixed length control field | 00796nam a22002657a 4500 |
| 003 - CONTROL NUMBER IDENTIFIER | |
| control field | OSt |
| 005 - DATE AND TIME OF LATEST TRANSACTION | |
| control field | 20220107122848.0 |
| 008 - FIXED-LENGTH DATA ELEMENTS--GENERAL INFORMATION | |
| fixed length control field | 190430b xxu||||| |||| 00| 0 eng d |
| 020 ## - INTERNATIONAL STANDARD BOOK NUMBER | |
| International Standard Book Number | 9789353160661 |
| 040 ## - CATALOGING SOURCE | |
| Transcribing agency | IIITMK |
| 082 ## - DEWEY DECIMAL CLASSIFICATION NUMBER | |
| Classification number | 006.3 KAU/S |
| 100 ## - MAIN ENTRY--PERSONAL NAME | |
| Personal name | Kaushik, Saroj |
| 9 (RLIN) | 15397 |
| 245 ## - TITLE STATEMENT | |
| Title | Soft computing: |
| Remainder of title | Fundamentals, techniques and applications |
| Statement of responsibility, etc. | Saroj Kaushik |
| 260 ## - PUBLICATION, DISTRIBUTION, ETC. | |
| Place of publication, distribution, etc. | Chennai, |
| Name of publisher, distributor, etc. | McGraw Hill Education, |
| Date of publication, distribution, etc. | 2018. |
| 300 ## - PHYSICAL DESCRIPTION | |
| Extent | xxiii, 405p. |
| 650 ## - SUBJECT ADDED ENTRY--TOPICAL TERM | |
| Topical term or geographic name entry element | COMPUTER SCIENCE |
| 9 (RLIN) | 16334 |
| 650 ## - SUBJECT ADDED ENTRY--TOPICAL TERM | |
| Topical term or geographic name entry element | SOFT COMPUTING |
| 9 (RLIN) | 16335 |
| 650 ## - SUBJECT ADDED ENTRY--TOPICAL TERM | |
| Topical term or geographic name entry element | ARTIFICAL INTELLIGENCE |
| 9 (RLIN) | 16336 |
| 650 ## - SUBJECT ADDED ENTRY--TOPICAL TERM | |
| Topical term or geographic name entry element | COMPUTATIONAL INTELLIEGNCE |
| 9 (RLIN) | 16337 |
| 650 ## - SUBJECT ADDED ENTRY--TOPICAL TERM | |
| Topical term or geographic name entry element | FUZZY LOGIC |
| 9 (RLIN) | 16338 |
| 650 ## - SUBJECT ADDED ENTRY--TOPICAL TERM | |
| Topical term or geographic name entry element | MACHINE LEARNING |
| 9 (RLIN) | 16339 |
| 650 ## - SUBJECT ADDED ENTRY--TOPICAL TERM | |
| Topical term or geographic name entry element | NEURAL NETWORKS |
| 9 (RLIN) | 16340 |
| 700 ## - ADDED ENTRY--PERSONAL NAME | |
| Personal name | Tiwari, Sunita |
| 9 (RLIN) | 15398 |
| 942 ## - ADDED ENTRY ELEMENTS (KOHA) | |
| Source of classification or shelving scheme | Dewey Decimal Classification |
| Koha item type | Books |
| Withdrawn status | Lost status | Source of classification or shelving scheme | Damaged status | Not for loan | Collection code | Home library | Current library | Shelving location | Date acquired | Cost, normal purchase price | Total Checkouts | Full call number | Barcode | Date last seen | Date last checked out | Price effective from | Koha item type |
|---|---|---|---|---|---|---|---|---|---|---|---|---|---|---|---|---|---|
| Dewey Decimal Classification | Artificial Intelligence/ Computational Intelligence / Cognitive Computing | Kerala University of Digital Sciences, Innovation and Technology Knowledge Centre | Kerala University of Digital Sciences, Innovation and Technology Knowledge Centre | Computer Science | 30/04/2019 | 439.00 | 4 | 006.3 KAU/S | 5468 | 17/01/2024 | 04/01/2024 | 30/04/2019 | Books |